000 00514nam a22001457a 4500
020 _qHB.
040 _cFIZZA ISHAQ
082 _a423
_bNEU
100 _a DAVID B. GURALNIK , VICTORIA NEUFELDT -
_9134325
245 _a Webster's New World Dictionary of American English /
_cVICTORIA NEUFELDT , DAVID B. GURALNIK.
250 _a Third College Edition.
260 _aNew York :
_b Webster's New World : Distributed by Prentice Hall Trade,
_c1988.
300 _a: xxvi, 1588 p. : ill. ;
_c 25 cm
942 _2ddc
_cBK
999 _c617301
_d617301